| 000 | 00888nam a22003017a 4500 | ||
|---|---|---|---|
| 001 | 000641 | ||
| 003 | DO-SdBNP | ||
| 005 | 20180208094524.0 | ||
| 007 | 000641 | ||
| 008 | 161104b 2007 ag a ||||| |||| 00| 0 spa d | ||
| 020 | _a9870403166 | ||
| 040 |
_aBPMSU _bspa _cBPMSU |
||
| 082 |
_axxxx _bxxxx |
||
| 100 | 1 | _aMariño, Ricardo | |
| 245 | 1 | 0 |
_aPerdido en la selva / _cRicardo Mariño ; ilustraciones Marcelo Elizalde. |
| 250 | _a1ª reimp. | ||
| 260 |
_aBuenos Aires : _bAlfaguara, _c2007. |
||
| 300 |
_a68 p. : _bil. ; _c20 cm. |
||
| 490 | 1 | _aAlfaguara infantil. | |
| 500 | _aDesde 10 años | ||
| 500 | _aIncluye datos del autor. | ||
| 500 | _aPrimera reimpresión: enero 2007 | ||
| 700 | 1 | 2 |
_aElizalde, Marcelo, _eil. |
| 830 | 0 | _aAlfaguara infantil. | |
| 942 |
_2ddc _cBK |
||
| 945 | _ainventariado, 2018 / dg | ||
| 956 |
_2LOPEREZ _310 _620161104 _8BPMSU _a00041 |
||
| 999 |
_c11784 _d11784 |
||